000 00321nam a22001457a 4500
008 221003b ||||| |||| 00| 0 eng d
020 _a9780136035480
041 _aeng
080 _a610.73
082 _a610.73
100 _a6
101 _aINF
245 _aNursing Basics for clinical
_cBERMAN A
942 _2udc
_cBK
999 _c58326
_d58326